[Event "Monarch Assurance Isle of Man 12th"]
[Site "Port Erin IOM"]
[Date "2003.09.28"]
[Round "2.46"]
[White "Bryn, Askild"]
[Black "Spence, David J"]
[Result "0-1"]
[WhiteElo "1574"]
[BlackElo "2187"]
[PlyCount "114"]
[EventDate "2003.09.27"]
[EventType "swiss"]
[EventRounds "9"]
[EventCountry "IOM"]
[SourceTitle "BritBase"]
[SourceDate "2008.07.14"]
[SourceVersion "1"]
[SourceVersionDate "2008.07.14"]
[SourceQuality "2"]

1. c4 e5 2. g3 Nc6 3. Bg2 d6 4. e4 Be6 5. d3 Qd7 6. Ne2 g6 7. Nbc3 Bg7 8. Be3
Bh3 9. Bxh3 Qxh3 10. Nd5 Qd7 11. Qd2 Nd8 12. Ndc3 h5 13. h4 Nf6 14. f3 a6 15.
d4 exd4 16. Nxd4 Nc6 17. Nxc6 Qxc6 18. Nd5 Nd7 19. Nb4 Ne5 20. Nxc6 Nxf3+ 21.
Ke2 Nxd2 22. Kxd2 bxc6 23. Rab1 a5 24. b3 Be5 25. Bf4 f6 26. Rhf1 Ke7 27. Rf3
c5 28. Rbf1 Bd4 29. a4 Ke6 30. Kd3 c6 31. Bd2 Be5 32. Bf4 Rhf8 33. Bd2 Ra7 34.
R1f2 Rff7 35. Rf1 d5 36. Bc3 d4 37. Bd2 Ra8 38. Rg1 f5 39. exf5+ Rxf5 40. Ke4
Rxf3 41. Kxf3 Rb8 42. Rb1 Bc7 43. Bh6 Kf5 44. Rb2 Rh8 45. Bg7 Re8 46. Bh6 Re1
47. Kf2 Rh1 48. Kg2 Re1 49. Rf2+ {(=)} Ke6 50. Bg5 Be5 51. Rf3 Re2+ 52. Kf1 Rc2
53. Bd8 {(=)} Rc3 54. Kf2 d3 55. Bg5 Rxb3 56. Bd2 Bd4+ 57. Kg2 Ke5 0-1

[Event "Monarch Assurance Isle of Man 12th"]
[Site "Port Erin IOM"]
[Date "2003.09.28"]
[Round "2.48"]
[White "Reppen, Ellisiv"]
[Black "Shepherd, Michael"]
[Result "0-1"]
[WhiteElo "1374"]
[BlackElo "2037"]
[PlyCount "46"]
[EventDate "2003.09.27"]
[EventType "swiss"]
[EventRounds "9"]
[EventCountry "IOM"]
[SourceTitle "BritBase"]
[SourceDate "2008.07.14"]
[SourceVersion "1"]
[SourceVersionDate "2008.07.14"]
[SourceQuality "2"]

1. Nf3 e6 2. d4 Nf6 3. Bg5 c5 4. e3 h6 5. Bh4 Be7 6. c4 O-O 7. Bd3 b6 8. Nbd2
Bb7 9. Qc2 Nc6 10. a3 cxd4 11. exd4 d5 12. b4 dxc4 13. Qxc4 Rc8 14. Qc3 Nxb4
15. Qb3 Nxd3+ 16. Qxd3 Nd5 17. Bxe7 Qxe7 18. O-O Rc3 19. Qe2 Rxa3 20. Rxa3 Qxa3
21. Ne5 Ba6 22. Nec4 Qc3 23. Rb1 Rc8 0-1

[Event "Monarch Assurance Isle of Man 12th"]
[Site "Port Erin IOM"]
[Date "2003.09.29"]
[Round "3.1"]
[White "Emms, John"]
[Black "Iordachescu, Viorel"]
[Result "1/2-1/2"]
[WhiteElo "2520"]
[BlackElo "2606"]
[PlyCount "42"]
[EventDate "2003.09.27"]
[EventType "swiss"]
[EventRounds "9"]
[EventCountry "IOM"]
[SourceTitle "BritBase"]
[SourceDate "2008.07.14"]
[SourceVersion "1"]
[SourceVersionDate "2008.07.14"]
[SourceQuality "2"]

1. e4 c6 2. d4 d5 3. exd5 cxd5 4. c4 Nf6 5. Nc3 e6 6. Nf3 Bb4 7. Bd3 dxc4 8.
Bxc4 O-O 9. O-O a6 10. Bg5 b5 11. Bd3 Bb7 12. Rc1 Be7 13. Re1 Nbd7 14. a3 Nd5
15. Bxe7 Qxe7 16. Be4 Nxc3 17. Rxc3 Bxe4 18. Rxe4 Nf6 19. Re1 b4 20. Rc5 bxa3
21. bxa3 Rfc8 1/2-1/2

[Event "Monarch Assurance Isle of Man 12th"]
[Site "Port Erin IOM"]
[Date "2003.09.29"]
[Round "3.3"]
[White "Del Rio Angelis, Salvador Gabriel"]
[Black "Korneev, Oleg"]
[Result "0-1"]
[WhiteElo "2479"]
[BlackElo "2561"]
[PlyCount "80"]
[EventDate "2003.09.27"]
[EventType "swiss"]
[EventRounds "9"]
[EventCountry "IOM"]
[SourceTitle "BritBase"]
[SourceDate "2008.07.14"]
[SourceVersion "1"]
[SourceVersionDate "2008.07.14"]
[SourceQuality "2"]

1. e4 c5 2. Nf3 Nc6 3. d4 cxd4 4. Nxd4 Qb6 5. Nb3 Nf6 6. Nc3 e6 7. Be2 a6 8.
O-O Qc7 9. f4 d6 10. a4 b6 11. Bf3 Rb8 12. Be3 Be7 13. Kh1 O-O 14. Nc1 Rd8 15.
Nd3 d5 16. e5 d4 17. exf6 Bxf6 18. Bxc6 Qxc6 19. Nb4 Qc7 20. Nbd5 exd5 21. Bxd4
Bg4 22. Qxg4 Bxd4 23. Rf3 Qc4 24. Rh3 Bxc3 25. Rxc3 Qb4 26. Rb3 Qc4 27. Qf5 Qe4
28. Qxe4 dxe4 29. Kg1 f5 30. Kf1 Kf7 31. Ke2 Rbc8 32. c3 Rc6 33. Rd1 Rxd1 34.
Kxd1 Rh6 35. Ke1 Rxh2 36. Rxb6 Rxg2 37. b4 h5 38. Rxa6 h4 39. Kf1 h3 40. Rd6 e3
0-1

[Event "Monarch Assurance Isle of Man 12th"]
[Site "Port Erin IOM"]
[Date "2003.09.29"]
[Round "3.4"]
[White "Kotronias, Vasilios"]
[Black "Kogan, Artur"]
[Result "1-0"]
[WhiteElo "2602"]
[BlackElo "2534"]
[PlyCount "69"]
[EventDate "2003.09.27"]
[EventType "swiss"]
[EventRounds "9"]
[EventCountry "IOM"]
[SourceTitle "BritBase"]
[SourceDate "2008.07.14"]
[SourceVersion "1"]
[SourceVersionDate "2008.07.14"]
[SourceQuality "2"]

1. e4 c5 2. Nf3 Nc6 3. d4 cxd4 4. Nxd4 Qc7 5. Nc3 e6 6. Be2 a6 7. O-O Nf6 8.
Be3 Bb4 9. Na4 Be7 10. c4 d6 11. Nc3 O-O 12. Rc1 Nxd4 13. Bxd4 b6 14. Qd3 Bb7
15. f4 Rfe8 16. f5 Rac8 17. fxe6 fxe6 18. Qe3 Nd7 19. Qg3 Ne5 20. Na4 Bxe4 21.
Nxb6 Rb8 22. c5 Ng6 23. Nc4 e5 24. cxd6 Bxd6 25. Nxd6 Qxd6 26. Bc3 Bd5 27. h4
Rb7 28. Rce1 Nf4 29. Bf3 Rbe7 30. Kh1 Bxf3 31. Qxf3 Qd5 32. Re4 Qxa2 33. g3 Ne6
34. Rxe5 Qc4 35. Rf5 {rest of both scores illegible... will check with players}
1-0

[Event "Monarch Assurance Isle of Man 12th"]
[Site "Port Erin IOM"]
[Date "2003.09.29"]
[Round "3.5"]
[White "Moreno Carnero, Javier"]
[Black "Kuzmin, Alexey"]
[Result "0-1"]
[WhiteElo "2512"]
[BlackElo "2583"]
[PlyCount "80"]
[EventDate "2003.09.27"]
[EventType "swiss"]
[EventRounds "9"]
[EventCountry "IOM"]
[SourceTitle "BritBase"]
[SourceDate "2008.07.14"]
[SourceVersion "1"]
[SourceVersionDate "2008.07.14"]
[SourceQuality "2"]

1. e4 e5 2. Nf3 Nc6 3. Bb5 a6 4. Ba4 Nf6 5. O-O Be7 6. Re1 b5 7. Bb3 d6 8. c3
O-O 9. h3 Na5 10. Bc2 c5 11. d4 Qc7 12. Nbd2 cxd4 13. cxd4 Bb7 14. d5 Rac8 15.
Bd3 Nd7 16. Nf1 f5 17. exf5 Nc5 18. Bb1 Nc4 19. a3 Bf6 20. Ne3 e4 21. Nxc4 bxc4
22. Bxe4 c3 23. Bg5 Nxe4 24. Rxe4 c2 25. Qc1 Bxd5 26. Rf4 Bxb2 27. Qxb2 c1=Q+
28. Rxc1 Qxc1+ 29. Qxc1 Rxc1+ 30. Kh2 Rc4 31. Rxc4 Bxc4 32. Be7 Rxf5 33. Bxd6
Bd5 34. Kg3 Bxf3 35. gxf3 Kf7 36. Bb4 a5 37. Be1 a4 38. Bb4 Ke6 39. h4 g6 40.
f4 Rb5 0-1

[Event "Monarch Assurance Isle of Man 12th"]
[Site "Port Erin IOM"]
[Date "2003.09.29"]
[Round "3.6"]
[White "Al Modiahki, Mohamad"]
[Black "Davies, Nigel"]
[Result "1/2-1/2"]
[WhiteElo "2574"]
[BlackElo "2482"]
[PlyCount "42"]
[EventDate "2003.09.27"]
[EventType "swiss"]
[EventRounds "9"]
[EventCountry "IOM"]
[SourceTitle "BritBase"]
[SourceDate "2008.07.14"]
[SourceVersion "1"]
[SourceVersionDate "2008.07.14"]
[SourceQuality "2"]

1. e4 e5 2. Nf3 Nc6 3. Bb5 a6 4. Ba4 Nf6 5. O-O Be7 6. Re1 b5 7. Bb3 d6 8. c3
O-O 9. h3 Na5 10. Bc2 c5 11. d4 Nd7 12. dxc5 dxc5 13. Nbd2 Bb7 14. Qe2 Qc7 15.
Nf1 Nc4 16. b3 Nd6 17. c4 Rfe8 18. Bb2 f6 19. Ne3 Nf8 20. Nd5 Qd8 21. cxb5 axb5
1/2-1/2

[Event "Monarch Assurance Isle of Man 12th"]
[Site "Port Erin IOM"]
[Date "2003.09.29"]
[Round "3.7"]
[White "Agdestein, Simen"]
[Black "Sandipan, Chanda"]
[Result "1/2-1/2"]
[WhiteElo "2571"]
[BlackElo "2469"]
[PlyCount "50"]
[EventDate "2003.09.27"]
[EventType "swiss"]
[EventRounds "9"]
[EventCountry "IOM"]
[SourceTitle "BritBase"]
[SourceDate "2008.07.14"]
[SourceVersion "1"]
[SourceVersionDate "2008.07.14"]
[SourceQuality "2"]

1. d4 Nf6 2. Bg5 e6 3. e4 h6 4. Bxf6 Qxf6 5. Nc3 d6 6. Qd2 Nd7 7. O-O-O a6 8.
g3 c5 9. dxc5 Nxc5 10. f4 Bd7 11. Nf3 Qd8 12. Bg2 Be7 13. h4 Qc7 14. e5 dxe5
15. Nxe5 Rd8 16. Ne4 Nxe4 17. Bxe4 Bb5 18. Qg2 O-O 19. Bxb7 Ba3 20. Bc6 Rc8 21.
bxa3 Bxc6 22. Nxc6 Qxc6 23. Qxc6 Rxc6 24. Rd3 Rfc8 25. Rh2 h5 1/2-1/2

[Event "Monarch Assurance Isle of Man 12th"]
[Site "Port Erin IOM"]
[Date "2003.09.29"]
[Round "3.8"]
[White "Halkias, Stelios"]
[Black "Zatonskih, Anna"]
[Result "0-1"]
[WhiteElo "2560"]
[BlackElo "2423"]
[PlyCount "71"]
[EventDate "2003.09.27"]
[EventType "swiss"]
[EventRounds "9"]
[EventCountry "IOM"]
[SourceTitle "BritBase"]
[SourceDate "2008.07.14"]
[SourceVersion "1"]
[SourceVersionDate "2008.07.14"]
[SourceQuality "2"]

1. Nf3 e6 2. c4 Nf6 3. d4 b6 4. Nc3 Bb7 5. Bg5 h6 6. Bh4 Bb4 7. Qb3 Qe7 8. e3
g5 9. Bg3 Ne4 10. Bd3 Bxc3+ 11. bxc3 d6 12. c5 dxc5 13. Ne5 Kf8 14. O-O Nd2 15.
Qc2 Nxf1 16. Rxf1 Nd7 17. Nxd7+ Qxd7 18. f4 g4 19. f5 Re8 20. Qf2 e5 21. f6
cxd4 22. cxd4 exd4 23. exd4 h5 24. Bf5 Qd5 25. Bxc7 Rh6 26. Be5 Rxe5 27. dxe5
Qxe5 28. Bd7 Qd5 29. Bf5 Rxf6 30. Qc2 Qd4+ 31. Rf2 Kg7 32. a3 Qa1+ 33. Rf1 Qxa3
34. Qd2 Qc5+ 35. Kh1 Rxf5 36. Rc1 {time} 0-1

[Event "Monarch Assurance Isle of Man 12th"]
[Site "Port Erin IOM"]
[Date "2003.09.29"]
[Round "3.9"]
[White "Van der Weide, Karel"]
[Black "Psakhis, Lev"]
[Result "1/2-1/2"]
[WhiteElo "2412"]
[BlackElo "2550"]
[PlyCount "32"]
[EventDate "2003.09.27"]
[EventType "swiss"]
[EventRounds "9"]
[EventCountry "IOM"]
[SourceTitle "BritBase"]
[SourceDate "2008.07.14"]
[SourceVersion "1"]
[SourceVersionDate "2008.07.14"]
[SourceQuality "2"]

1. e4 e6 2. d4 d5 3. Nc3 Bb4 4. e5 Ne7 5. a3 Bxc3+ 6. bxc3 c5 7. Qg4 O-O 8. Bd3
Nbc6 9. Qh5 Ng6 10. Nf3 Qc7 11. Be3 c4 12. Bxg6 fxg6 13. Qg4 Bd7 14. h4 Rf5 15.
Ng5 Raf8 16. f3 h6 1/2-1/2

[Event "Monarch Assurance Isle of Man 12th"]
[Site "Port Erin IOM"]
[Date "2003.09.29"]
[Round "3.11"]
[White "Pert, Richard"]
[Black "Motwani, Paul"]
[Result "1/2-1/2"]
[WhiteElo "2380"]
[BlackElo "2525"]
[PlyCount "81"]
[EventDate "2003.09.27"]
[EventType "swiss"]
[EventRounds "9"]
[EventCountry "IOM"]
[SourceTitle "BritBase"]
[SourceDate "2008.07.14"]
[SourceVersion "1"]
[SourceVersionDate "2008.07.14"]
[SourceQuality "2"]

1. d4 Nf6 2. Nf3 d5 3. c4 e6 4. Nc3 c6 5. cxd5 exd5 6. Bg5 Bf5 7. e3 Nbd7 8.
Bd3 Bxd3 9. Qxd3 Be7 10. O-O O-O 11. a3 Ne4 12. Bf4 Ndf6 13. Ne5 Bd6 14. Nxe4
dxe4 15. Qc2 Qe7 16. Bg3 Nd5 17. Rae1 Rad8 18. f3 exf3 19. Rxf3 Nc7 20. Qb3 Ne6
21. Ref1 f6 22. Nd3 Bxg3 23. Rxg3 Rf7 24. h4 Qd6 25. Rgf3 c5 26. Nxc5 Nxc5 27.
dxc5 Qxc5 28. Rf5 Qd6 29. R5f4 Qd3 30. Qxd3 Rxd3 31. Rd4 Rxd4 32. exd4 Rc7 33.
Rf3 Kf7 34. Kh2 Re7 35. Rc3 Re1 36. Kg3 Re7 37. Kf3 Rd7 38. Ke4 Ke6 39. Rc8 Kd6
40. Kd3 Re7 41. h5 1/2-1/2

[Event "Monarch Assurance Isle of Man 12th"]
[Site "Port Erin IOM"]
[Date "2003.09.29"]
[Round "3.12"]
[White "Mikhalevski, Victor"]
[Black "Williams, Simon K"]
[Result "0-1"]
[WhiteElo "2523"]
[BlackElo "2381"]
[PlyCount "88"]
[EventDate "2003.09.27"]
[EventType "swiss"]
[EventRounds "9"]
[EventCountry "IOM"]
[SourceTitle "BritBase"]
[SourceDate "2008.07.14"]
[SourceVersion "1"]
[SourceVersionDate "2008.07.14"]
[SourceQuality "2"]

1. Nf3 f5 2. g3 Nf6 3. Bg2 e6 4. O-O Be7 5. c4 O-O 6. d4 d6 7. Nc3 Ne4 8. Nxe4
fxe4 9. Nd2 d5 10. Nb1 Nc6 11. Nc3 b6 12. e3 Na5 13. b3 Ba6 14. Bb2 c6 15. f3
dxc4 16. fxe4 cxb3 17. Rxf8+ Qxf8 18. axb3 Bg5 19. Qe1 Qb4 20. h4 Bh6 21. g4
Qxb3 22. Bc1 g6 23. Rb1 Qc4 24. Bf3 e5 25. Be2 Qe6 26. Bxa6 Qxg4+ 27. Kh2 exd4
28. exd4 Bxc1 29. Rxc1 Qf4+ 30. Kh3 Rf8 31. Rd1 b5 32. Qg3 Qf6 33. Kg2 Nc4 34.
d5 Ne5 35. dxc6 Nf3 36. Bxb5 Qxc3 37. Kh3 Ng1+ 38. Kg2 Qc2+ 39. Kh1 Qxd1 40.
Bc4+ Kg7 41. Qe5+ Rf6 42. Qe7+ Kh6 43. Qxf6 Ne2+ 44. Kg2 Qg1+ 0-1

[Event "Monarch Assurance Isle of Man 12th"]
[Site "Port Erin IOM"]
[Date "2003.09.29"]
[Round "3.14"]
[White "Fridman, Daniel"]
[Black "Adams, Phil"]
[Result "1-0"]
[WhiteElo "2592"]
[BlackElo "2115"]
[PlyCount "75"]
[EventDate "2003.09.27"]
[EventType "swiss"]
[EventRounds "9"]
[EventCountry "IOM"]
[SourceTitle "BritBase"]
[SourceDate "2008.07.14"]
[SourceVersion "1"]
[SourceVersionDate "2008.07.14"]
[SourceQuality "2"]

1. d4 Nf6 2. Nf3 e6 3. c4 Bb4+ 4. Nbd2 O-O 5. a3 Bxd2+ 6. Bxd2 d6 7. Qc2 Nbd7
8. c5 dxc5 9. dxc5 e5 10. Rd1 c6 11. e4 Re8 12. h3 Qe7 13. Be3 Nf8 14. Nd2 Ne6
15. b4 Nd4 16. Qc3 a5 17. bxa5 Qc7 18. a6 bxa6 19. Bd3 Nb5 20. Qb4 a5 21. Qb2
Rb8 22. Nc4 Nd4 23. Qd2 Be6 24. Qxa5 Qxa5+ 25. Nxa5 Ra8 26. Bxd4 exd4 27. Nxc6
Nxe4 28. Bxe4 Bd5 29. O-O Bxe4 30. Nxd4 Rxa3 31. Nb5 Rd3 32. f3 Rxd1 33. Rxd1
Bc6 34. Na7 Ba4 35. Rd4 Bb3 36. c6 Be6 37. c7 Kf8 38. Rd8 1-0

[Event "Monarch Assurance Isle of Man 12th"]
[Site "Port Erin IOM"]
[Date "2003.09.29"]
[Round "3.15"]
[White "Hebden, Mark"]
[Black "Stubberud, Ornulf"]
[Result "1-0"]
[WhiteElo "2544"]
[BlackElo "1965"]
[PlyCount "93"]
[EventDate "2003.09.27"]
[EventType "swiss"]
[EventRounds "9"]
[EventCountry "IOM"]
[SourceTitle "BritBase"]
[SourceDate "2008.07.14"]
[SourceVersion "1"]
[SourceVersionDate "2008.07.14"]
[SourceQuality "2"]

1. e4 c5 2. Nf3 e6 3. c3 Nf6 4. e5 Nd5 5. d4 cxd4 6. cxd4 d6 7. a3 Nd7 8. Bc4
N5b6 9. Be2 Qc7 10. exd6 Bxd6 11. Nc3 a6 12. Bg5 O-O 13. Rc1 Bf4 14. Bxf4 Qxf4
15. O-O Qd6 16. Bd3 Nf6 17. Ne4 Nxe4 18. Bxe4 Nd7 19. Qc2 Nf6 20. Rfd1 Rb8 21.
Ne5 Bd7 22. Qc5 Qxc5 23. dxc5 Bb5 24. Bf3 Rfc8 25. b4 Kf8 26. g4 Ke7 27. Kg2
Nd7 28. Nxd7 Bxd7 29. Rd6 Bc6 30. Rcd1 Bxf3+ 31. Kxf3 Rc7 32. Ke4 h6 33. f4 Re8
34. Ke5 Ra8 35. f5 exf5 36. gxf5 Rh8 37. Rg1 f6+ 38. Kd5 Kf7 39. Re1 Rhc8 40.
h4 a5 41. h5 axb4 42. axb4 Ra8 43. Kc4 Ra2 44. Kb5 Ra8 45. Kb6 Rac8 46. Ree6
Kf8 47. Rd8+ 1-0

[Event "Monarch Assurance Isle of Man 12th"]
[Site "Port Erin IOM"]
[Date "2003.09.29"]
[Round "3.16"]
[White "Allen, Keith"]
[Black "Epishin, Vladimir"]
[Result "1/2-1/2"]
[WhiteElo "2224"]
[BlackElo "2642"]
[PlyCount "87"]
[EventDate "2003.09.27"]
[EventType "swiss"]
[EventRounds "9"]
[EventCountry "IOM"]
[SourceTitle "BritBase"]
[SourceDate "2008.07.14"]
[SourceVersion "1"]
[SourceVersionDate "2008.07.14"]
[SourceQuality "2"]

1. d4 Nf6 2. c4 e6 3. Nc3 Bb4 4. Qc2 O-O 5. a3 Bxc3+ 6. Qxc3 h6 7. g3 d6 8. Bg2
Qe7 9. Nf3 Re8 10. O-O e5 11. dxe5 dxe5 12. b4 c5 13. Be3 Na6 14. Rab1 Bf5 15.
Rb2 Rac8 16. Nxe5 cxb4 17. axb4 Be4 18. Bd4 Nd5 19. Qb3 Bxg2 20. Kxg2 Ndxb4 21.
c5 Nc6 22. Nxc6 bxc6 23. Qc3 Qg5 24. Ra1 Nc7 25. Qf3 Nb5 26. Be3 Qe5 27. Raa2
Qe4 28. Rd2 Qxf3+ 29. Kxf3 h5 30. Bf4 Re7 31. Rd3 f6 32. h4 Kf7 33. e4 Ke6 34.
Ra4 Rd7 35. Rxd7 Kxd7 36. g4 g6 37. g5 fxg5 38. Bxg5 Re8 39. Bf4 Kc8 40. Bg3
Re7 41. Bd6 Rf7+ 42. Ke3 Kd7 43. Be5 Rf8 44. f4 1/2-1/2

[Event "Monarch Assurance Isle of Man 12th"]
[Site "Port Erin IOM"]
[Date "2003.09.29"]
[Round "3.17"]
[White "Gabrielsen, Trond"]
[Black "Luther, Thomas"]
[Result "1/2-1/2"]
[WhiteElo "2228"]
[BlackElo "2574"]
[PlyCount "109"]
[EventDate "2003.09.27"]
[EventType "swiss"]
[EventRounds "9"]
[EventCountry "IOM"]
[SourceTitle "BritBase"]
[SourceDate "2008.07.14"]
[SourceVersion "1"]
[SourceVersionDate "2008.07.14"]
[SourceQuality "2"]

1. e4 e6 2. d4 d5 3. Nc3 Bb4 4. e5 c5 5. a3 Ba5 6. b4 cxd4 7. Nb5 Bc7 8. f4 Bd7
9. Nf3 Ne7 10. Nfxd4 O-O 11. Nxc7 Qxc7 12. Bb2 Nbc6 13. Bd3 Nxd4 14. Bxd4 Ba4
15. O-O Rfe8 16. Qh5 Nf5 17. Bxf5 exf5 18. Qxf5 Qxc2 19. Qh3 Qe4 20. Bb2 d4 21.
Rae1 Qd5 22. Rf2 Rac8 23. Qd3 Rc4 24. Rd2 Rec8 25. Re4 h6 26. Rxd4 Rxd4 27.
Qxd4 Qxd4+ 28. Bxd4 Rc1+ 29. Kf2 a6 30. Ke3 Re1+ 31. Kd3 Kh7 32. Rf2 Bb5+ 33.
Kd2 Rf1 34. f5 Rxf2+ 35. Bxf2 Bf1 36. Ke3 Bxg2 37. Kf4 Bh3 38. Bc5 Kg8 39. Bd6
g6 40. fxg6 fxg6 41. Bc5 Kf7 42. a4 g5+ 43. Ke4 Ke6 44. Bf8 h5 45. Bh6 Bg2+ 46.
Kd4 g4 47. a5 Bc6 48. Ke3 h4 49. Kf2 Kxe5 50. Kg1 Kf5 51. Bf8 g3 52. hxg3 hxg3
53. Bd6 g2 54. Bc5 Kf4 55. Bf8 1/2-1/2

[Event "Monarch Assurance Isle of Man 12th"]
[Site "Port Erin IOM"]
[Date "2003.09.29"]
[Round "3.18"]
[White "Arkell, Keith"]
[Black "Porat, David"]
[Result "1-0"]
[WhiteElo "2513"]
[BlackElo "2235"]
[PlyCount "163"]
[EventDate "2003.09.27"]
[EventType "swiss"]
[EventRounds "9"]
[EventCountry "IOM"]
[SourceTitle "BritBase"]
[SourceDate "2008.07.14"]
[SourceVersion "1"]
[SourceVersionDate "2008.07.14"]
[SourceQuality "2"]

1. Nf3 d5 2. e3 Nf6 3. c4 e6 4. cxd5 exd5 5. Be2 Bd6 6. b3 O-O 7. Bb2 c6 8. d3
Nbd7 9. Nbd2 Re8 10. O-O Qe7 11. Re1 Ng4 12. Bf1 Nde5 13. h3 Nxf3+ 14. Nxf3 Ne5
15. Nxe5 Bxe5 16. Bxe5 Qxe5 17. d4 Qg5 18. g3 Re6 19. h4 Qe7 20. Bg2 Bd7 21. b4
Rg6 22. b5 Bf5 23. bxc6 bxc6 24. Rc1 Be4 25. Bxe4 Qxe4 26. Qc2 Qf3 27. Qe2 Qe4
28. Rc3 Re8 29. Qc2 Qe6 30. Rc1 Rc8 31. Qb3 h6 32. Rc5 Qh3 33. Qc2 Rd6 34. Qe2
Rg6 35. Qf3 Rb8 36. Qg2 Qd7 37. R5c2 Rb6 38. Kh2 Qb7 39. Qf3 Rf6 40. Qe2 Qe7
41. Qd3 Qe6 42. a4 Qg4 43. Qe2 Qe4 44. a5 Rb5 45. Rxc6 Rxc6 46. Rxc6 Rxa5 47.
Rc8+ Kh7 48. Qc2 Qxc2 49. Rxc2 Kg6 50. g4 Ra6 51. Rc7 Kf6 52. h5 g6 53. hxg6
fxg6 54. Rd7 Ke6 55. Rh7 Kf6 56. Kg3 Ra1 57. Rxh6 Rg1+ 58. Kf4 Kg7 59. g5 a5
60. Rh2 a4 61. f3 Ra1 62. Rb2 a3 63. Rb7+ Kf8 64. Ra7 a2 65. Ke5 Rf1 66. Rxa2
Rxf3 67. Kxd5 Rxe3 68. Ra6 Kf7 69. Rf6+ Kg7 70. Re6 Rg3 71. Re5 Kf7 72. Kd6 Ra3
73. d5 Ra7 74. Kc6 Ra1 75. d6 Rc1+ 76. Kd7 Rd1 77. Kc7 Rc1+ 78. Kd8 Rd1 79. d7
Rc1 80. Re7+ Kf8 81. Re6 Kf7 82. Rf6+ 1-0

[Event "Monarch Assurance Isle of Man 12th"]
[Site "Port Erin IOM"]
[Date "2003.09.29"]
[Round "3.19"]
[White "Pert, Nicholas"]
[Black "Ashton, Adam"]
[Result "1-0"]
[WhiteElo "2483"]
[BlackElo "2234"]
[PlyCount "119"]
[EventDate "2003.09.27"]
[EventType "swiss"]
[EventRounds "9"]
[EventCountry "IOM"]
[SourceTitle "BritBase"]
[SourceDate "2008.07.14"]
[SourceVersion "1"]
[SourceVersionDate "2008.07.14"]
[SourceQuality "2"]

1. d4 Nf6 2. Nf3 g6 3. c4 Bg7 4. g3 O-O 5. Bg2 d5 6. cxd5 Nxd5 7. O-O Nb6 8.
Nc3 Nc6 9. d5 Na5 10. e4 c6 11. Nd4 cxd5 12. exd5 e5 13. Nde2 Nac4 14. a4 Nd6
15. b3 Bg4 16. Ba3 Bxe2 17. Qxe2 Nbc8 18. Rac1 a6 19. Ne4 Re8 20. Nc5 Rb8 21.
Rfd1 Ne7 22. g4 Nec8 23. Qe3 Re7 24. Rc2 Qa5 25. Ne4 Rd7 26. Rdc1 Rd8 27. Rc5
b5 28. Nd2 Qb6 29. axb5 axb5 30. Bb4 Qa6 31. Rc6 Qa2 32. Qc3 Qa7 33. Rc7 Qb6
34. Rc6 Qa7 35. Rc7 Qb6 36. Ba5 b4 37. Qc5 Qxc5 38. R1xc5 Re8 39. R7c6 Bf8 40.
Rc1 Nb5 41. Ne4 Be7 42. Bxb4 Nca7 43. Bxe7 Nxc6 44. Nf6+ Kh8 45. Nxe8 Nxe7 46.
Nf6 Rd8 47. Re1 Kg7 48. g5 Nd4 49. f4 h6 50. fxe5 hxg5 51. b4 Nc2 52. Rb1 Ne3
53. b5 Nc4 54. Ng4 Rb8 55. Rc1 Na5 56. Rc7 Nf5 57. Bf1 Rb7 58. d6 Rxc7 59. dxc7
Ne7 60. b6 1-0

[Event "Monarch Assurance Isle of Man 12th"]
[Site "Port Erin IOM"]
[Date "2003.09.29"]
[Round "3.20"]
[White "Handke, Florian"]
[Black "Gordon, Stephen J"]
[Result "1-0"]
[WhiteElo "2476"]
[BlackElo "2216"]
[PlyCount "73"]
[EventDate "2003.09.27"]
[EventType "swiss"]
[EventRounds "9"]
[EventCountry "IOM"]
[SourceTitle "BritBase"]
[SourceDate "2008.07.14"]
[SourceVersion "1"]
[SourceVersionDate "2008.07.14"]
[SourceQuality "2"]

1. e4 c5 2. Nf3 Nc6 3. Bb5 g6 4. O-O Bg7 5. Nc3 e5 6. a3 Nge7 7. d3 O-O 8. Bc4
d6 9. Ng5 Nd4 10. f4 Be6 11. f5 Bxc4 12. dxc4 f6 13. Ne6 Nxe6 14. fxe6 Nc6 15.
Nd5 Rc8 16. Qg4 Qe8 17. Be3 Ne7 18. Qh4 g5 19. Qg4 Kh8 20. Rf3 Ng8 21. Rh3 Rb8
22. Rf1 b6 23. Rh5 Rb7 24. h4 Nh6 25. Rxh6 Bxh6 26. Nxf6 Qg6 27. Nd5 Rbb8 28.
Rxf8+ Bxf8 29. Bxg5 Re8 30. h5 Qg8 31. e7 Bxe7 32. Nxe7 Qf7 33. Nd5 Re6 34. h6
Rg6 35. Qc8+ Rg8 36. Bf6+ Qxf6 37. Qxg8+ 1-0

[Event "Monarch Assurance Isle of Man 12th"]
[Site "Port Erin IOM"]
[Date "2003.09.29"]
[Round "3.21"]
[White "Jonkman, Harmen"]
[Black "Hughes, Howard"]
[Result "1/2-1/2"]
[WhiteElo "2424"]
[BlackElo "2215"]
[PlyCount "40"]
[EventDate "2003.09.27"]
[EventType "swiss"]
[EventRounds "9"]
[EventCountry "IOM"]
[SourceTitle "BritBase"]
[SourceDate "2008.07.14"]
[SourceVersion "1"]
[SourceVersionDate "2008.07.14"]
[SourceQuality "2"]

1. e4 d5 2. exd5 Qxd5 3. Nc3 Qa5 4. d4 Nf6 5. Bc4 Bg4 6. f3 Bf5 7. g4 Bg6 8.
Qe2 e6 9. Bd2 Bb4 10. O-O-O Nc6 11. Qf2 O-O-O 12. Nge2 Nxd4 13. Nxd4 Qc5 14.
Bxe6+ fxe6 15. a3 Bxa3 16. Be1 e5 17. Ne6 Bxb2+ 18. Kxb2 Qb4+ 19. Kc1 Qa3+ 20.
Kb1 Qb3+ 1/2-1/2

[Event "Monarch Assurance Isle of Man 12th"]
[Site "Port Erin IOM"]
[Date "2003.09.29"]
[Round "3.22"]
[White "Lane, Gary W"]
[Black "Valaker, Ole J"]
[Result "0-1"]
[WhiteElo "2412"]
[BlackElo "2207"]
[PlyCount "120"]
[EventDate "2003.09.27"]
[EventType "swiss"]
[EventRounds "9"]
[EventCountry "IOM"]
[SourceTitle "BritBase"]
[SourceDate "2008.07.14"]
[SourceVersion "1"]
[SourceVersionDate "2008.07.14"]
[SourceQuality "2"]

1. e4 c6 2. d4 d5 3. Nd2 dxe4 4. Nxe4 Bf5 5. Ng3 Bg6 6. h4 h6 7. Nf3 Nd7 8. h5
Bh7 9. Bd3 Bxd3 10. Qxd3 Ngf6 11. Bf4 Qa5+ 12. Bd2 Qc7 13. O-O-O e6 14. Ne4
O-O-O 15. c4 c5 16. Be3 Nxe4 17. Qxe4 Nf6 18. Qc2 cxd4 19. Bxd4 Bc5 20. Rh4
Bxd4 21. Nxd4 a6 22. Kb1 Qc5 23. Qe2 Rd7 24. Rd2 Rhd8 25. Nf3 Qf5+ 26. Kc1 Rxd2
27. Nxd2 Qg5 28. g3 Rd7 29. a3 Qf5 30. Qe3 Ng4 31. Qf4 Qxf4 32. gxf4 Nxf2 33.
Kc2 Nd3 34. Nf3 f6 35. b4 b6 36. Kc3 Nc1 37. Kc2 Ne2 38. Nd2 Nd4+ 39. Kc3 Nf5
40. Rg4 Rd4 41. c5 bxc5 42. bxc5 e5 43. Rg1 Rd5 44. fxe5 Rxc5+ 45. Nc4 fxe5 46.
Kd3 Kd7 47. Ne3 e4+ 48. Kxe4 Nd6+ 49. Kf4 Rxh5 50. Rxg7+ Kc6 51. Rg6 Kc5 52.
Rg1 Rh4+ 53. Kf3 Nc4 54. Nxc4 Kxc4 55. Rg6 a5 56. Rb6 h5 57. a4 Rd4 58. Kg3 h4+
59. Kh3 Kc3 60. Rh6 Kb4 0-1